000
00323nam a22001457a 4500
008
210303b ||||| |||| 00| 0 eng d
020
_a
9780176783006
041
_a
eng
080
_a
573
082
_a
573
100
_a
11
101
_a
BIO
245
_a
Biology for Pre-Health Science
_c
Roscoe, W. A
942
_2
udc
_c
BK
999
_c
55684
_d
55684